Eleventh five year plan (2007-2012) : (Record no. 42455)

MARC details
000 -LEADER
fixed length control field 00828nam a22002177a 4500
005 - DATE AND TIME OF LATEST TRANSACTION
control field 20100818145727.0
010 ## - LCCN (DPL NO)
LC control number ENG-100733
020 ## - INTERNATIONAL STANDARD BOOK NUMBER
International Standard Book Number 0195696506
Terms of availability 995.00 (Set)
020 ## - INTERNATIONAL STANDARD BOOK NUMBER
International Standard Book Number 9780195696509
Terms of availability 995.00 (Set)
035 ## - SYSTEM CONTROL NUMBER
System control number EN-84266
037 ## - SOURCE OF ACQUISITION
Source of stock number/acquisition DBAD/PUB
082 ## - DEWEY DECIMAL CLASSIFICATION NUMBER
Classification number 338.954009051
245 ## - TITLE STATEMENT
Title Eleventh five year plan (2007-2012) :
Remainder of title social sector /
260 ## - PUBLICATION, DISTRIBUTION, ETC. (IMPRINT)
Place of publication, distribution, etc New Delhi
Name of publisher, distributor, etc Oxford University Press
Date of publication, distribution, etc 2008
270 ## - ADDRESS
Address YMCA Library Building, Jai Singh Road
City New Delhi
Postal code 110001
300 ## - PHYSICAL DESCRIPTION
Extent v.2 (xv, 219p.)
Dimensions 27cm (pbk)
650 ## - SUBJECT ADDED ENTRY--TOPICAL TERM
Topical term or geographic name as entry element Economic history
650 ## - SUBJECT ADDED ENTRY--TOPICAL TERM
Topical term or geographic name as entry element Economic policy
942 ## - ADDED ENTRY ELEMENTS (KOHA)
Source of classification or shelving scheme Dewey Decimal Classification
Item type English Books
Classification part 338.954009051
Call number suffix ELE
Holdings
Withdrawn status Lost status Not for loan Collection code Home library Current library Date acquired Source of acquisition Cost, normal purchase price Full call number Barcode Copy number Cost, replacement price Koha item type
    Not For Loan Non-fiction D.B.Act.Division D.B.Act.Division 18/08/2010 DBAD/PUB 995.00 338.954009051 ELE EN-84266 1 995.00 English Books

© Delhi Public Library
Hit Counter
free hit counter